| 000 | 00347nam a22001457a 4500 | ||
|---|---|---|---|
| 003 | CEME | ||
| 005 | 20210628202244.0 | ||
| 008 | 210301b xxu||||| |||| 00| 0 eng d | ||
| 040 | _c. | ||
| 082 | _a891.4393 NAS | ||
| 100 |
_aNaseem Hijazi _91033 |
||
| 245 | _aQaisr-o-qisra | ||
| 650 |
_aURDU ADAB-NOVEL-QAISR-O-QISRA. _959029 |
||
| 942 |
_cBK _2ddc |
||
| 999 |
_c569091 _d569091 |
||